Conquering consumerspace : marketing strategies for a branded world

Bibliographic Details
Main Author: Solomon, Michael R.
Format: Book
Published: New York : Amacom , 2003
Subjects:

MARC

LEADER 00000cam a2200000 7i4500
001 0000024650
005 20090107.0
008 090107
020 |a 0814407412 
090 0 0 |a 658.827   |b SOL 
100 1 |a Solomon, Michael R. 
245 1 0 |a Conquering consumerspace :   |b marketing strategies for a branded world   |c Michael R. Solomon 
260 |a New York :   |b Amacom ,   |c 2003 
650 0 |a Brand name   |x Marketing 
650 0 |a Consumer proferences 
650 0 |a Customer relations 
999 |a 0001039085   |b Book   |c Adult Collection   |e Cawangan Bandar Penawar